000 00676nam a2200217Ia 4500
001 10806
003 GE_BSU
008 181216s||||||||xx |||||||||||||| ||und||
040 _cGE_BSU
080 _a821.353.1-1
100 _aქათამაძე,ჯემალ
245 _aწითელი თოვლი.
245 _bლექსები.
245 _cრედ.ზ.ფირცხალაიშვილი;მხატვ.თ.დარჩია.
260 _aბათუმი.
260 _bსაბჭოთა აჭარა.
260 _c1986.
300 _a108გვ;17სმ
653 _aწითელი თოვლი.
942 _cBK
999 _c44054
_d44054